000 00287nam a22001097a 4500
082 _a530.7 LIO'I
100 _aLION, KURT S
_975595
245 _aINSTRUMENTATION IN SCIENTIFIC RESEARCH ELECTRICAL INPUT TRANSDUCES
260 _aNEWYORK
_bMCGRAW HILL
_c1959
300 _a324P
942 _cBK
999 _c582524
_d582524